| 000 | 00480nam a2200157 a 4500 | ||
|---|---|---|---|
| 001 | 000037751 | ||
| 005 | 20201002031117.0 | ||
| 008 | 130305s2012 dr 000 0 spa d | ||
| 020 | _a9789945473933 | ||
| 040 |
_aDO-SdBNP _bspa _cBNPHU |
||
| 100 | 1 |
_aJavier, Eulogio _953440 |
|
| 245 | 1 | 0 |
_aDestrucción de la estatua / _cEulogio Javier. |
| 260 |
_aSanto Domingo : _bEditora Búho, _c2012. |
||
| 300 |
_a87 p. ; _c23 cm. |
||
| 500 | _aIncluye datos biográficos del autor en la solapa | ||
| 999 |
_c37241 _d37241 |
||